000 01064nam a2200301 4500
001 0000015028
003 CO-CtgCURN
005 20250329191008.0
007 ta
008 160627s1989 000 0 eng d
020 _a9684221770
040 _aCO-CtgCURN
_bspa
_ccoctgcurn
082 0 _a658.05
_bD19s
100 1 _aDavis, Gordon Bitter.
245 1 0 _aSistemas de informacion gerencial /
_cGordon B. Davis , Margrethe H. Olson , traducción Alfonso Pérez Gama , revision tecnica Abdon Sánchez Sosa , Carlos Villegas.
260 _aMexico :
_bMcGraw-Hill,
_c1989.
300 _a718 p.
336 _2rdacontent
337 _2rdamedia
_asin mediacion
_bn
338 _2rdacarrier
_avolumen
_bnc
500 _aIncluye bibliografia e indice \ Titulo original. Management information systems.
650 1 4 _aComunicación en Administración.
650 1 4 _aSistemas de informacion.
700 1 _aOlson, Margrethe H.
908 _a160627
942 _cBK
_h658.05
_iD19s
_2ddc
999 _c10582
_d10582